| 000 | 00497nam a22001697a 4500 | ||
|---|---|---|---|
| 005 | 20251108164016.0 | ||
| 008 | 250721s1981 xx 000 0 ara d | ||
| 082 | 1 | 4 | _a137/بند |
| 100 | 1 | _aبندر، جيمس | |
| 245 | 1 | 0 | _aطريق الشخصية الجذابة / |
| 264 | 1 |
_aالقاهرة : _bمكتبة الخانجي، _c1981. |
|
| 300 | _a148ص | ||
| 650 | 1 | 7 | _aالشخصية |
| 700 | 1 |
_aالزيادي، عبد المنعم محمد _eترجمة |
|
| 942 |
_2ddc _cBK |
||
| 999 |
_c1318 _d1318 |
||